000 00555cam a2200205ua 4500
001 808
005 20260515113228.0
008 141204n ii |||gr||||Z||||||eng
040 _cMAIN
041 _aeng
082 _a342.54
245 _aIntroduction to the constitution of India.
_cBy Durga Das Basu.
250 _a6th.
260 _aNew Delhi.:
_bPrentice hall of India.,976.
300 _axviii, 395 p.:
_c25 cm.
653 _aPolitical science.
653 _aIntroduction to the constitution of India.
700 _aBasu, Durga Das.,
942 _cBK
999 _c733
_d733